部首为禾的常见中文汉字 Common Chinese characters with the radical “Grain” - Statistics

General Stats
  • This quiz has been taken 17 times
  • The average score is 20 of 54
Answer Stats
拼音首字母 笔画数 汉字 % Correct
d 15
94%
q 9
75%
h 5
69%
z 9
69%
c 10
63%
c 10
63%
ɡ 8
63%
m 10
63%
j 10
56%
j 11
56%
j 16
56%
s 12
56%
s 17
56%
k 9
50%
m 9
50%
s 12
50%
s 16
50%
z 10
50%
z 13
50%
b 9
44%
b 13
44%
c 12
44%
r 22
44%
x 12
44%
y 11
44%
z 10
44%
ɡ 15 稿
38%
h 11
38%
k 13
38%
m 10
38%
m 16
38%
r 13
38%
s 7
38%
w 14
38%
x 7
38%
y 10
38%
c 13
31%
j 15
31%
l 12
31%
j 15
25%
t 7
25%
f 12
13%
l 13
13%
s 10
13%
z 9
13%
b 8
6%
b 13
6%
z 15
6%
b 14
0%
b 20
0%
ɡ 15
0%
q 10
0%
s 13
0%
s 16
0%
No matching quizzes found
Score Distribution
Percent of People with Each Score
Percentile by Number Answered
Your Score History
You have not taken this quiz